[Event "1st Irena Warakomska Memorial"]
[Site "Suwalki"]
[Date "2017.08.16"]
[Round "7"]
[White "Kashlinskaya, Alina"]
[Black "Vetoshko, Volodymyr"]
[Result "1/2-1/2"]
[WhiteElo "2440"]
[BlackElo "2517"]
[Annotator "TA"]
[PlyCount "84"]
[EventDate "2017.??.??"]
[EventType "swiss"]
[EventCountry "POL"]
[SourceTitle "playchess.com"]
[Source "ChessBase"]
[SourceQuality "1"]

{[%evp 22,84,86,75,87,86,90,89,129,91,94,83,95,85,110,86,77,73,116,119,110,120,131,116,161,88,82,87,98,93,96,84,93,81,88,81,110,98,94,95,101,93,162,119,168,174,203,8,25,8,8,2,1,6,8,3,182,7,12,0,0,0,8,0,0]} 1. d4 Nf6 2. c4 e6 3. Nf3 c5 4. d5 b5 5. dxe6 fxe6 6. cxb5 d5 7. e3 Bd6 8. Be2 {E10: Blumenfeld Gambit} O-O 9. O-O Qe7 10. Nbd2 Bb7 11. b3 Nbd7 12. Bb2 {LiveBook: 6 Games} Rad8 13. Qc2 Kh8 {[#]} 14. Bd3 $146 ({Find the theoretical novelty and annotate with similar games:} 14. Rae1 Ne4 15. Nxe4 dxe4 {1-0 (40) Krasenkow,M (2647)-Schebler,G (2535) Germany 2007}) 14... Bb8 15. Rad1 Qe8 16. h3 Qh5 17. Rfe1 Qh6 18. Qb1 Nh5 19. Bxh7 Qxh7 20. Qxh7+ Kxh7 21. Ng5+ Kg8 22. Nxe6 Nhf6 23. Nb1 ({But not} 23. Nxf8 $6 Rxf8 24. a4 Bc7 $16) ({Much less strong is} 23. Nxd8 Rxd8 24. Bxf6 gxf6 $16) ({Better is} 23. e4 $18) 23... Rc8 24. Nxf8 Kxf8 25. Nc3 Kf7 26. Re2 Nf8 27. Red2 Ne6 28. f3 d4 29. exd4 Bf4 30. d5 Nd4 31. Rd3 Re8 (31... Nxd5 $16 32. Nxd5 Bxd5) 32. Kh1 {Strongly threatening Na4.} Nh5 33. Ne4 Bxd5 34. Bxd4 $2 ({Only move:} 34. Nxc5 $18 Ne2 35. g4 (35. Rxd5 {is a self mate.} Nhg3+ 36. Kh2 Nf1+ 37. Kh1 Neg3+ 38. Kg1 Be3#) 35... Neg3+ 36. Kg1) 34... cxd4 $11 35. Rxd4 (35. g4 $5 {[%cal Rg4h5]} Rxe4 36. fxe4 Bxe4+ 37. Kg1 Bxd3 38. Rxd3 $14) 35... Bxe4 $1 36. Rd7+ Ke6 $1 $132 {[%mdl 2048] [#] Threatens to win with ...Bc2. Black is fighting back} 37. fxe4 {And now g4 would win.} Ng3+ 38. Kg1 Be3+ 39. Kh2 Nf1+ $1 {The position is equal.} 40. Kh1 Ng3+ 41. Kh2 Nf1+ $1 42. Kh1 Ng3+ {Precision: White = 63%, Black = 71%.} 1/2-1/2

[Event "1st Irena Warakomska Memorial"]
[Site "Suwalki"]
[Date "2017.08.16"]
[Round "7"]
[White "Grib, Roman"]
[Black "Tomczak, Jacek"]
[Result "0-1"]
[WhiteElo "2427"]
[BlackElo "2598"]
[Annotator "TA"]
[PlyCount "54"]
[EventDate "2017.??.??"]
[EventType "swiss"]
[EventCountry "POL"]
[SourceTitle "playchess.com"]
[Source "ChessBase"]
[SourceQuality "1"]

{[%evp 14,54,0,-22,28,46,47,-20,-17,-26,-17,-26,-28,-29,0,-16,-29,-44,-52,-66,-81,-143,-145,-140,-143,-139,-103,-93,-95,-89,-75,-434,-423,-389,-389,-452,-429,-740,-747,-736,-739,-722,-719]} 1. e4 e6 2. d4 d5 3. Nc3 Nf6 4. Bg5 Bb4 5. exd5 Qxd5 6. Bxf6 Bxc3+ 7. bxc3 gxf6 8. Nf3 {LiveBook: 35 Games} Rg8 {C12: French: Classical System: McCutcheon Variation} (8... b6 9. g3 Bb7 10. Bg2 Qe4+ 11. Kf1 Qc6 12. Ne1 Qc4+ 13. Qd3 Bxg2+ 14. Kxg2 Qxd3 15. Nxd3 Nc6 16. Rhe1 {0-1 (45) Hess,R (2571)-Baryshpolets,A (2578) Saint Louis 2017}) 9. Qd3 f5 10. Ne5 $146 (10. g3 $14) ({Predecessor:} 10. g3 Qe4+ 11. Qxe4 fxe4 12. Nd2 f5 13. Bc4 Rg6 14. f3 exf3 15. Nxf3 {½-½ (67) Leonardo,J (2290)-Cordeiro,V Lisbon 1998}) 10... Nd7 $11 {The position is equal.} 11. Nc4 Nf6 12. Ne3 Qa5 13. Nc4 Qd5 14. Ne3 Qe4 15. Rb1 b6 16. Qb5+ Bd7 17. Qe5 ({White should play} 17. Qd3) 17... Qxe5 $17 18. dxe5 Ne4 19. Nd1 Ba4 20. Rb4 O-O-O $36 {[%mdl 2048] Black is really pushing.} ({But not} 20... Bxc2 $6 21. Ne3 $11) 21. f3 c5 ({Of course not} 21... Bxc2 $6 22. Ne3 $11) 22. Rb2 $2 {[%mdl 8192] [#]} (22. Rxa4 $17 Rxd1+ 23. Kxd1 Nxc3+ 24. Kd2 Nxa4 25. c4) 22... Rxd1+ $1 $19 {[%mdl 512]} 23. Kxd1 Nf2+ 24. Ke1 Nxh1 {Black is clearly winning.} 25. c4 (25. Ba6+ $142 Kb8 26. Kf1) 25... f4 26. c3 Rg5 27. Bd3 Rh5 {Precision: White = 30%, Black = 63%.} 0-1

[Event "1st Irena Warakomska Memorial"]
[Site "Suwalki"]
[Date "2017.08.16"]
[Round "7"]
[White "Molenda, Marcin"]
[Black "Szustakowski, Antoni"]
[Result "1/2-1/2"]
[WhiteElo "2420"]
[BlackElo "2235"]
[Annotator "TA"]
[PlyCount "92"]
[EventDate "2017.??.??"]
[EventType "swiss"]
[EventCountry "POL"]
[SourceTitle "playchess.com"]
[Source "ChessBase"]
[SourceQuality "1"]

{[%evp 10,92,-38,-37,-26,-35,-17,-30,-30,-35,-48,-40,-52,-42,-41,-58,-39,-77,-55,-41,-47,-59,-49,-104,-80,-237,-239,-246,-243,-243,-241,-222,-230,-244,-252,-228,-247,-268,-214,-216,-169,-251,-247,-263,-143,-147,-141,-184,-137,-132,-125,-185,-185,-147,-147,-133,-132,-217,-231,-231,-231,-218,-197,-217,-118,-122,-75,-115,-36,-62,0,0,0,-62,-61,-59,-40,-36,0,0,0,-44,0,0,0]} 1. d4 Nf6 2. Nf3 e6 3. g3 c5 4. c4 cxd4 5. Bg2 (5. Nxd4 Bb4+ 6. Bd2 Bxd2+ 7. Qxd2 Ne4 8. Qe3 Qa5+ 9. Nd2 Nxd2 10. Qxd2 Qxd2+ 11. Kxd2 Nc6 12. Kc3 Nxd4 13. Kxd4 b6 14. Bg2 Rb8 15. Rac1 {½-½ (26) Vidit,S (2670)-Iturrizaga Bonelli,E (2671) Dubai 2017}) 5... e5 6. O-O {LiveBook: 3 Games. E10: Blumenfeld Gambit} Nc6 7. e3 dxe3 8. Bxe3 d6 9. Nc3 Be7 10. h3 O-O 11. Qe2 $146 ({Predecessor:} 11. Qd2 Be6 {0-1 (40) Franke,T (2195)-Anibar,A (2185) Germany 2006}) 11... Be6 12. Rfd1 h6 13. Bc5 Qc8 (13... Qd7 {feels hotter.} 14. Nd5 Nxd5 15. cxd5 dxc5 16. dxc6 Qxc6 17. Nd4 Qb6) 14. Bxd6 Bxd6 15. Rxd6 Bxh3 16. Nd5 (16. Re1 $15) 16... Nxd5 $1 $17 17. cxd5 $2 (17. Rxd5 $17 Re8 18. Bxh3 Qxh3 19. Rad1) 17... Bxg2 $19 18. Kxg2 Qc7 19. Rxh6 gxh6 20. dxc6 Qxc6 21. Qxe5 Rfe8 22. Qf4 Re4 23. Qf5 Rae8 24. Rd1 Re2 25. Rd7 {[#]} (25. Rd4 $142) 25... Qe6 $1 {[%cal Re6f5]} 26. Qxe6 R2xe6 ({Black should play} 26... R8xe6 $19 27. Nd4 Re7 28. Rxe7 Rxe7) 27. Rxb7 {[%mdl 4096] Endgame KRR-KRN} Ra6 28. Nd4 Re5 29. a3 Rd6 30. f4 (30. Nf3 $17 {keeps fighting.} Ra5 31. Rb4) 30... Red5 31. Nf3 Ra5 32. Ne5 Rb6 33. Rc7 (33. Rxb6 $17 axb6 34. Nd7) 33... Rxb2+ 34. Kh3 Rxa3 35. Nxf7 {[#]} Rb6 $1 36. Kh4 Ra1 (36... Rg6 $19 37. Rb7 Kf8) 37. Ne5 $17 Rf6 38. Kh5 a5 ({Better is} 38... Ra3 $17 39. Ng4 Ra5+ 40. Ne5 Ra3) 39. Rc8+ Kg7 {Hoping for ...Ra6.} 40. Rc7+ Kg8 {aiming for ...Ra6.} 41. Rc8+ Rf8 42. Rc6 Rh1+ 43. Kg6 $1 {Threatens to win with Nd7.} Rh3 (43... Rg1 $5 {[%cal Rg1g3]} 44. Ra6 Rxf4 45. Kxh6 Rf2 46. Ra8+ Rf8 47. Rxa5 Rf6+ 48. Kg5 Rd6 $15) 44. g4 $1 {And now Nd7 would win.} Rxf4 45. Rc8+ Rf8 46. Rc7 Rf4 {Precision: White = 58%, Black = 62%.} (46... Rd8 $5 {[%cal Rd8d6]} 47. Nd7 Rf3 $11) 1/2-1/2

[Event "1st Irena Warakomska Memorial"]
[Site "Suwalki"]
[Date "2017.08.16"]
[Round "7"]
[White "Czerwonski, Aleksander"]
[Black "Stachanczyk, Jacek"]
[Result "1-0"]
[WhiteElo "2392"]
[BlackElo "2209"]
[Annotator "TA"]
[PlyCount "71"]
[EventDate "2017.??.??"]
[EventType "swiss"]
[EventCountry "POL"]
[SourceTitle "playchess.com"]
[Source "ChessBase"]
[SourceQuality "1"]

{[%evp 30,71,50,35,72,70,67,65,85,87,102,84,84,89,143,139,131,142,131,129,136,133,119,91,104,76,323,293,672,260,277,280,255,229,217,214,218,226,218,212,222,218,206,197]} 1. d4 d5 2. c4 c6 3. Nf3 Nf6 4. Nc3 dxc4 5. a4 Bf5 6. Ne5 Nbd7 7. Nxc4 Qc7 8. g3 e5 9. dxe5 Nxe5 10. Bf4 Nfd7 11. Bg2 g5 {D17: Slav Defence: 5 a4 Bf5: Lines with 6 Nh4 and 6 Ne5} (11... f6 12. O-O g5 13. Nxe5 gxf4 14. Nxd7 Qxd7 15. a5 fxg3 16. hxg3 Qxd1 17. Rfxd1 a6 18. Rd4 Rd8 19. Rad1 Rxd4 20. Rxd4 {1-0 (48) So,W (2775)-Akopian,V (2648) Doha 2015}) 12. Ne3 gxf4 13. Nxf5 O-O-O 14. Qc2 Bb4 15. O-O fxg3 16. hxg3 {LiveBook: 12 Games} Nc5 17. Rfd1 Ne6 18. Na2 Be7 19. b4 Bf6 $146 20. b5 cxb5 21. Qb3 {[#] Strongly threatening Rdc1.} Nc6 (21... Kb8 $142) 22. Rxd8+ $16 Rxd8 23. Rc1 bxa4 24. Qxa4 Ned4 25. Nxd4 Rxd4 26. Bxc6 bxc6 ({Avoid the trap} 26... Rxa4 $2 27. Bxa4 a5 28. Rxc7+ $18) 27. Nb4 $36 {[%mdl 2048] White is in control.} ({And not} 27. Qxc6 Rd1+ 28. Kg2 Rxc1 $17) 27... Qd7 $2 (27... Qb7 $16) 28. Rxc6+ $18 Kb8 $2 (28... Kb7 29. Qb5+ Ka8) 29. Qb5+ $2 (29. e3 Rd1+ 30. Kg2) 29... Ka8 30. Na6 {[%csl Ga6][%cal Rb5b8] [#]} Be5 31. Qxe5 {[%csl Ga6][%cal Re5b8]} Rd1+ {White is clearly better.} 32. Kh2 {[%csl Ga6][%cal Re5b8]} Rh1+ 33. Kxh1 {[%csl Ga6][%cal Re5b8]} Qxc6+ 34. Kg1 {[%csl Ga6][%cal Re5b8]} Qxa6 35. Qe8+ Kb7 36. Qxf7+ {Precision: White = 79%, Black = 45%.} 1-0

[Event "1st Irena Warakomska Memorial"]
[Site "Suwalki"]
[Date "2017.08.16"]
[Round "7"]
[White "Teclaf, Pawel"]
[Black "Czerw, Dawid"]
[Result "1/2-1/2"]
[WhiteElo "2373"]
[BlackElo "2222"]
[Annotator "TA"]
[PlyCount "72"]
[EventDate "2017.??.??"]
[EventType "swiss"]
[EventCountry "POL"]
[SourceTitle "playchess.com"]
[Source "ChessBase"]
[SourceQuality "1"]

{[%evp 26,72,12,1,9,9,7,7,6,0,17,-3,0,-16,-14,-24,-23,-32,0,-14,-10,-8,0,0,0,-7,-1,-40,-17,-22,-18,-18,-18,-59,-22,-28,0,-18,0,0,0,0,0,0,0,0,0,0,0]} 1. e4 c5 2. Nf3 Nc6 3. d4 cxd4 4. Nxd4 g6 5. Be2 Bg7 6. Nb3 Nf6 7. Nc3 O-O 8. O-O d6 9. Re1 b6 10. Bf1 {B70: Sicilian Dragon: 6 g3 and 6 Be2 (without a later Be3)} Bb7 11. Bg5 h6 12. Bh4 Rc8 13. Nd5 e6 14. Nxf6+ {LiveBook: 3 Games} Bxf6 15. Bxf6 Qxf6 16. c3 Rfd8 17. Qd2 {[#]} g5 $146 ({Predecessor:} 17... Kg7) 18. Nd4 Ne5 19. Qe3 d5 20. exd5 Rxd5 21. Qg3 a6 22. Be2 b5 23. Rf1 Qf4 (23... b4 $5) 24. Rfd1 Rcd8 25. a4 b4 26. a5 Qxg3 27. hxg3 bxc3 28. bxc3 Rc5 29. Rab1 Be4 30. Ra1 Bb7 31. c4 {The position is equal.} (31. Rab1 $5 {[%cal Rb1b7]} Bd5 32. Bxa6 $15) 31... Nxc4 {[#]} 32. Nxe6 $1 {[%mdl 512]} Rxd1+ (32... fxe6 33. Rxd8+) 33. Rxd1 fxe6 34. Rd8+ Kg7 {Hoping for ...Bd5.} 35. Rd7+ Kf6 {[#] aiming for ...Bd5.} 36. Rxb7 Ne5 {Precision: White = 54%, Black = 50%.} 1/2-1/2

[Event "1st Irena Warakomska Memorial"]
[Site "Suwalki"]
[Date "2017.08.16"]
[Round "7"]
[White "Kaczmarek, Aleksander"]
[Black "Walter, Szymon"]
[Result "1-0"]
[WhiteElo "2368"]
[BlackElo "2194"]
[Annotator "TA"]
[PlyCount "64"]
[EventDate "2017.??.??"]
[EventType "swiss"]
[EventCountry "POL"]
[SourceTitle "playchess.com"]
[Source "ChessBase"]
[SourceQuality "1"]

{[%evp 14,64,0,15,4,4,4,0,0,0,0,0,0,0,7,0,0,-8,11,0,0,0,1,0,18,0,0,-6,56,58,71,48,147,33,98,105,206,214,218,164,220,204,213,176,572,369,605,592,900,900,850,841,29993]} 1. e4 c5 2. b3 Nc6 3. Bb2 e5 4. Nc3 Nf6 5. Bc4 Nxe4 6. Nxe4 {B20: Sicilian: Unusual White 2nd moves} d5 7. Bd3 dxe4 8. Bxe4 {LiveBook: 6 Games. The position is equal.} Nd4 (8... Bd6 9. Qh5 h6 10. Bxc6+ bxc6 11. Bxe5 O-O 12. Bxd6 {0-1 (26) Sveshnikov,E (2502)-Shirov,A (2701) Riga 2014}) 9. Qh5 Bd6 10. Nf3 g6 $146 ({Find the theoretical novelty and annotate with similar games:} 10... Qf6 11. Nxd4 cxd4 12. O-O {½-½ (39) Romanov,E (2329)-Frolov,A (2219) Kazan 2003}) 11. Qh6 Bf8 12. Qe3 Bg7 13. c3 Ne6 14. c4 Nd4 15. Nxd4 exd4 16. Qf3 O-O 17. O-O Rb8 18. Rae1 Qc7 19. Bd5 Bf5 20. d3 h5 (20... Bh6 $11) 21. Bc1 $14 Be5 22. h3 $1 Kg7 {[#]} (22... Rfe8 $14) 23. Re2 (23. g4 $1 $16 {[%cal Rg4f5]} hxg4 24. hxg4) 23... Bd6 (23... Rbe8 $14) 24. Rfe1 $16 Qd7 (24... Qd8 $16) 25. Bg5 $18 Rfe8 26. Rxe8 Rxe8 27. Rxe8 Qxe8 {[%cal Re8e1] [#]} 28. g4 $1 {[%cal Rg4f5]} Qe1+ $2 (28... f6) 29. Kg2 hxg4 $2 (29... Be6 30. Qf6+ (30. Bxb7 Qe5 $14) 30... Kg8 31. Qd8+ (31. Bxb7 hxg4 32. Qd8+ Bf8 $16) 31... Bf8) 30. hxg4 {White is clearly winning.} Be6 31. Bf6+ Kf8 32. Qh3 {[%cal Rh3h8]} Bxd5+ {Precision: White = 67%, Black = 29%.} 1-0

[Event "1st Irena Warakomska Memorial"]
[Site "Suwalki"]
[Date "2017.08.16"]
[Round "7"]
[White "Mulet, Piotr"]
[Black "Jarmula, Lukasz"]
[Result "1/2-1/2"]
[WhiteElo "2295"]
[BlackElo "2457"]
[Annotator "TA"]
[PlyCount "155"]
[EventDate "2017.??.??"]
[EventType "swiss"]
[EventCountry "POL"]
[SourceTitle "playchess.com"]
[Source "ChessBase"]
[SourceQuality "1"]

{[%evp 16,155,0,-34,-19,-23,-23,-50,-53,-93,-78,-110,-110,-124,-112,-112,-113,-125,-125,-140,-119,-155,-143,-167,-161,-196,-203,-195,-154,-157,-106,-105,-108,-109,-106,-143,-104,-114,-6,-42,-11,-20,0,0,0,0,0,0,0,0,0,0,0,-39,0,0,0,0,0,-179,-21,-18,0,0,0,-205,-207,-317,-116,-125,-121,-115,-125,-104,-95,-83,-10,-47,-54,-145,-145,-389,-10,-31,-10,-341,-324,-511,-489,-512,-510,-504,-479,-470,-443,-458,-456,-448,-441,-441,-441,-419,-419,-410,-410,-410,-384,-335,-321,-283,-243,-233,-8,-23,0,-183,-237,-236,-182,-525,-152,-118,0,-521,-500,-422,-393,-607,-331,-304,0,0,0,-233,0,0,0,0,0,0,0,0]} 1. c4 e5 2. Nc3 Nf6 3. g3 c6 4. d4 exd4 5. Qxd4 d5 6. Bg2 dxc4 7. Qxd8+ {A23: English Opening: 1...e5 2 Nc3 Nf6 3 g3 c6} Kxd8 8. Nf3 Be6 9. Ng5 {LiveBook: 5 Games} Bc5 $146 ({Predecessor:} 9... Bb4 10. Nxe6+ fxe6 11. Bd2 Nbd7 12. Ne4 Nxe4 13. Bxb4 a5 14. Bxa5+ Rxa5 15. Bxe4 {½-½ (62) Vocaturo,D (2597)-Abhishek,K (2393) Doha 2015}) 10. Nxe6+ fxe6 11. Bg5 Nbd7 12. Bh3 Ke7 13. O-O-O h6 14. Bxf6+ Nxf6 15. e3 Rhf8 16. Kc2 Bb4 17. Ne2 {and if Nf4 works, White does fine.} e5 18. Rhf1 Rad8 19. a3 {Black must now prevent Rxd8.} Ba5 20. Bf5 {[#]} g6 $1 {[%mdl 512]} 21. Bxg6 Ng4 {Threatens to win with ...Rxd1.} 22. Nc3 Bxc3 (22... Nxf2 23. Rxd8 Bxd8 24. Ne4 $17) (22... Rxf2+ 23. Rxf2 Nxf2 24. Rxd8 $17) (22... Nxh2 $142 23. Ne4 Nxf1 24. Rxf1 Rh8) 23. Rxd8 $17 Kxd8 24. Kxc3 {[%mdl 4096] Endgame KRB-KRN} b5 25. Be4 Kc7 (25... Nxh2 26. Rh1 $15) 26. f3 Nf6 (26... Nxh2 27. Rh1 $16) (26... Nxe3 $17 27. Rc1 Rd8) 27. Bg6 e4 {Black wants to play ...exf3.} 28. Kd2 $1 Kd6 29. Ke2 exf3+ 30. Rxf3 Ke5 31. Rf5+ Ke6 32. Rf4 Rg8 33. Bc2 Rg5 34. e4 (34. g4 $5) 34... Ng4 35. h3 $1 Ne5 36. g4 Rg8 37. b4 $2 (37. Rf5 $11) 37... Rd8 $2 ({Black should play} 37... a5 $1 $19 38. Rf5 axb4 39. axb4 Ra8) 38. Rf5 $11 c3 {[%cal Bc4c3,Bc3c2][%mdl 32]} 39. Bb3+ Nc4 40. Bxc4+ $2 (40. Rc5 $11 Rd4 41. Rxc6+ Kd7 42. Rxh6) 40... bxc4 {KR-KR} 41. Rf1 (41. Rc5 $142 Rd4 42. Rf5) 41... Rd3 $2 (41... Ke5 $1 $19 {[%cal Re5e4] and Black stays clearly on top.} 42. Rd1 Rf8) 42. Rd1 $17 c2 $1 {[%cal Rc2d1]} (42... Rxh3 $6 43. Rd4 $11) 43. Rc1 Rxh3 {And now ...c3 would win.} 44. Kd2 Ke5 45. Kxc2 Rxa3 (45... Kd4 $1 $17 46. Rd1+ Rd3) 46. Rh1 Kd4 47. Rd1+ (47. Rxh6 $15 Ra2+ 48. Kd1) 47... Rd3 $1 {[%cal Rd3d1]} (47... Kxe4 48. Rd6 $15) 48. Rh1 $2 (48. Rg1 $17) 48... Rc3+ $2 (48... c3 $1 $19 49. e5 Rd2+ 50. Kb3 c2) 49. Kb2 $1 $11 Rg3 {Strongly threatening ...Rg2+.} 50. Rd1+ $2 {[%mdl 8192]} (50. Rxh6 $11 {and White has nothing to worry.} Rg2+ 51. Ka3) 50... Rd3 $1 $19 {[%cal Rd3d1]} ({Weaker is} 50... Kxe4 51. Rd6 $17) 51. Re1 (51. Rf1 $142) 51... Rd2+ 52. Kc1 c3 $1 53. e5 Kc4 54. e6 {e7 is the strong threat.} Kb3 $1 55. e7 Ra2 $1 {[%cal Ra2a1]} 56. Kd1 Ra1+ 57. Ke2 Rxe1+ 58. Kxe1 {KP-KP} c2 59. e8=Q ({And not} 59. Kd2 Kb2 $19) 59... c1=Q+ {KQ-KQ} 60. Ke2 Qc2+ 61. Kf3 Qc3+ ({Not} 61... Kxb4 62. Qb8+ Ka3 63. Qxa7+ Kb2 64. Qa6 $17) 62. Kf2 Kxb4 63. Qb8+ Kc4 $2 (63... Ka3 $1 $19 64. Qxa7+ Kb2 65. Qb6+ Kc1) 64. Qg8+ $11 Kb4 $2 (64... Kb5 $11 65. Qb8+ Ka4 66. Qxa7+ Kb3 67. Qb7+ Ka3 68. Qa8+ Kb2 69. Qb8+ Kc2) 65. Qb8+ $19 Ka3 $1 66. Qxa7+ Kb2 67. Kg2 $2 (67. Qb7+ {is a better chance.} Kc1 68. Qa8) 67... Qd2+ $2 (67... c5 $19 {is more deadly.} 68. Qb6+ Qb4 69. Qf6+ Kb3) 68. Kh3 $17 {[#]} Qc3+ $2 {[%mdl 8192]} (68... Qc2 $1 $17 69. Qa6 Qc3+ 70. Kh4 c5 71. Qe2+ Kc1) 69. Kg2 $19 c5 70. Qb6+ Qb4 71. Qe6 (71. Qf6+ $142 Kb3 72. Qe6+ c4 73. Kg3) 71... Qd2+ 72. Kh3 {Now Qb6+ and White clings on.} Qg5 $2 (72... Qc3+ $19 73. Kh4 c4 74. Qb6+ Kc2) 73. Qe2+ $1 $11 Kc3 {Hoping for ...c4.} 74. Qe1+ $2 {[#]} (74. Qf3+ $11 {and White is okay.} Kd4 75. Qd1+ Ke5 76. Qa1+ Kd5 77. Qa8+ Kd6 78. Qa6+ Kd7 79. Qb7+ Kd6 80. Qb8+ Ke6 81. Qb6+ Kf7 82. Qb3+ c4 83. Qxc4+ Kg7 84. Qc7+ Kg6 85. Qc6+ Qf6 86. Qc5) 74... Kd3 $2 (74... Qd2 $1 $19 {[%cal Rd2e1]} 75. Qe5+ Qd4) 75. Qf1+ {The position is equal.} Kd4 76. Qd1+ Ke4 77. Qc2+ Kd4 78. Qb2+ {Precision: White = 43%, Black = 44%.} 1/2-1/2

[Event "1st Irena Warakomska Memorial"]
[Site "Suwalki"]
[Date "2017.08.16"]
[Round "7"]
[White "Bugalski, Michal"]
[Black "Zawadzka, Jolanta"]
[Result "1/2-1/2"]
[WhiteElo "2250"]
[BlackElo "2420"]
[Annotator "TA"]
[PlyCount "119"]
[EventDate "2017.??.??"]
[EventType "swiss"]
[EventCountry "POL"]
[SourceTitle "playchess.com"]
[Source "ChessBase"]
[SourceQuality "1"]

{[%evp 25,119,3,4,2,6,6,6,6,10,8,4,0,0,6,8,0,0,0,0,0,16,6,15,19,18,19,10,17,8,0,0,0,0,0,0,0,0,0,0,0,0,0,0,0,0,0,0,0,0,0,0,0,0,0,0,0,0,0,0,0,0,0,0,0,0,0,0,0,0,0,0,0,0,0,0,0,0,0,0,0,0,0,0,0,0,0,0,0,0,0,0,0,0,0,0,0]} 1. e4 {[%cal Be2e4,Be4e5][%mdl 32]} c5 2. c3 Nf6 {[%cal Bg8f6,Bf6d5,Bd5b4][%mdl 32]} 3. e5 Nd5 4. d4 cxd4 5. Nf3 Nc6 6. cxd4 d6 7. Bc4 dxe5 8. dxe5 Ndb4 9. Qb3 e6 {B22: Sicilian: 2 c3} 10. O-O Na5 11. Bb5+ Bd7 12. Qa4 Bxb5 13. Qxb5+ Nac6 {[%cal Ba5c6,Bc6e7,Be7d5,Bd5c3][%mdl 32] LiveBook: 36 Games. The position is equal.} 14. Nc3 a6 15. Qc4 {Black should prevent Rd1.} Qd3 16. Qg4 Qg6 17. Qxg6 $1 hxg6 18. Rd1 $146 Ne7 19. Bg5 Ned5 20. a3 Nxc3 21. bxc3 Nc6 22. a4 Be7 (22... Rc8 {keeps more tension.} 23. Be3 Na5 24. Bb6 Nc4 25. Rab1 Na3) 23. Rab1 Bxg5 24. Nxg5 Rb8 25. f4 Ke7 26. Ne4 Rhc8 27. Rb6 Na5 28. Rdb1 Rc4 29. R6b4 Rc7 30. Rb6 Rd8 31. Nd6 {[%cal Rd6b7]} Rdd7 32. h3 f6 33. h4 fxe5 34. fxe5 Nc6 35. Rxb7 Nxe5 36. Rxc7 Rxc7 $11 {[%mdl 4096] Endgame KRN-KRN} 37. Ne4 Rc4 38. Rb7+ Nd7 39. Rb4 Rc7 40. Kf2 Nf6 41. Nxf6 gxf6 {KR-KR} 42. Rb6 Rxc3 43. Rxa6 f5 44. g3 Kf6 45. Ra5 Ra3 46. Kg2 e5 47. Ra6+ Kg7 48. a5 Kh6 49. Ra8 Kh5 {[#] White must now prevent ...Kg4.} 50. Kh3 {[%cal Ra8h8]} g5 {aiming for ...gxh4.} 51. Rh8+ Kg6 {Threatens to win with ...gxh4.} 52. Rg8+ Kf7 53. Rxg5 Kf6 54. Rg8 Rxa5 55. h5 e4 56. h6 {[#] Threatening mate with h7.} Ra7 57. g4 fxg4+ 58. Kxg4 e3 59. Re8 Kg6 60. Rxe3 {Precision: White = 83%, Black = 90%.} 1/2-1/2

[Event "1st Irena Warakomska Memorial"]
[Site "Suwalki"]
[Date "2017.08.17"]
[Round "8"]
[White "Bartel, Mateusz"]
[Black "Barski, Radoslaw"]
[Result "1/2-1/2"]
[WhiteElo "2608"]
[BlackElo "2444"]
[Annotator "TA"]
[PlyCount "73"]
[EventDate "2017.??.??"]
[EventType "swiss"]
[EventCountry "POL"]
[SourceTitle "playchess.com"]
[Source "ChessBase"]
[SourceQuality "1"]

{[%evp 18,73,15,18,51,41,152,89,95,-12,-7,-8,-6,-10,-8,-7,0,0,0,-49,-42,-39,0,0,0,0,0,0,0,0,0,0,0,0,0,0,0,-9,-13,-25,0,-31,-14,-17,-14,-18,-12,-12,-8,-31,-35,-80,-81,-101,-85,-145,-131,-125]} 1. e4 e5 2. Nf3 Nc6 3. d4 exd4 4. Nxd4 Bc5 5. Be3 Qf6 6. c3 Nge7 7. Bc4 Qg6 8. O-O Ne5 9. Be2 d6 10. f3 {LiveBook: 247 Games. C45: Scotch Game} (10. Kh1 Qxe4 11. Nd2 Qg6 12. Nb5 O-O 13. Nxc7 Rb8 14. Bh5 Qf5 15. f4 Ng4 16. Bxg4 Qxg4 17. Nc4 Qd7 18. Bxc5 dxc5 19. Qxd7 Bxd7 {½-½ (70) Kasparov,G (2812)-Nakamura,H (2787) Saint Louis 2016}) 10... Bh3 {[%csl Gh3][%cal Rg6g2]} 11. Rf2 O-O-O {[#]} ({Black should try} 11... O-O $14) 12. Nd2 $146 ({White should play} 12. b4 $1) ({Predecessor:} 12. b4 Bb6 13. Kh1 Bd7 14. a4 c6 15. a5 Bc7 16. c4 f5 17. exf5 Nxf5 18. Nxf5 Bxf5 {1-0 (36) Minko,D (1960)-Rosol,A (1779) Prague 2016}) 12... d5 $16 13. Nf5 (13. b4 $16 Bb6 14. a4 dxe4 15. fxe4) 13... dxe4 $11 14. fxe4 Nxf5 15. Bxc5 Nh4 16. g3 $1 Qg5 17. Bd4 $1 {[#] Qa4 is the strong threat.} Nhg6 {aiming for ...c5!} 18. b4 (18. Qa4 $5 {[%cal Ra4a7]} Qxd2 19. Qxa7 $16 (19. Bg4+ Bxg4 20. Rxd2 Nf3+ 21. Kf2 Nxd2 $17)) 18... h5 19. Qc1 Bg4 {Hoping for ...Bxe2.} 20. Nc4 $1 Qxc1+ 21. Rxc1 f6 {Threatens to win with ...Bxe2.} 22. Nxe5 Nxe5 23. Bxe5 fxe5 24. Bxg4+ hxg4 {[%mdl 4096] Endgame KRR-KRR} 25. Rcc2 Rd1+ 26. Kg2 Re1 27. Rf7 Rxe4 28. Rxg7 Rd8 29. Rf2 b5 30. h3 gxh3+ 31. Kxh3 Rd3 32. Rg4 Ree3 33. Rg8+ Kb7 34. Kh4 Rxc3 35. g4 Rc4 36. Kg5 (36. Rb2 $142) 36... e4 37. Rg2 {Precision: White = 59%, Black = 62%.} 1/2-1/2